000 nam a22 7a 4500
999 _c8682
_d8682
008 180119b ||||| |||| 00| 0 eng d
100 _aKashyap.A.
_92094
245 _aEnvironment Studies
260 _aNew Delhi
_bHoly Faith
_c2008